Tourism Destination Management / (Record no. 590439)
[ view plain ]
| 000 -LEADER | |
|---|---|
| fixed length control field | 00327nam a22001217a 4500 |
| 020 ## - INTERNATIONAL STANDARD BOOK NUMBER | |
| International Standard Book Number | 9781639895281 |
| 082 ## - DEWEY DECIMAL CLASSIFICATION NUMBER | |
| Classification number | 338.4791 |
| Author Mark | PER |
| 100 ## - MAIN ENTRY--PERSONAL NAME | |
| Personal name | Perez, Wendy |
| 245 ## - TITLE STATEMENT | |
| Title | Tourism Destination Management / |
| Statement of responsibility, etc. | Wendy Perez |
| 260 ## - PUBLICATION, DISTRIBUTION, ETC. | |
| Place of publication, distribution, etc. | U.S.A : |
| Name of publisher, distributor, etc. | States Academic Press, |
| Date of publication, distribution, etc. | 2022. |
| 300 ## - PHYSICAL DESCRIPTION | |
| Extent | 236 p. ; |
| Dimensions | 28 cm. |
| 942 ## - ADDED ENTRY ELEMENTS (KOHA) | |
| Source of classification or shelving scheme | |
| Koha item type | Book |
| Withdrawn status | Lost status | Source of classification or shelving scheme | Damaged status | Not for loan | Permanent Location | Current Location | Date acquired | Source of acquisition | Total Checkouts | Full call number | Barcode | Date last seen | Date last checked out | Price effective from | Koha item type |
|---|---|---|---|---|---|---|---|---|---|---|---|---|---|---|---|
| Central Library (CL) | Central Library (CL) | 07/21/2022 | Progressive International Agencies | 1 | 338.4791 PER | CL-1144 | 10/24/2023 | 09/19/2023 | 07/21/2022 | Book |
